000 00515nam a2200217Ia 4500
003 OSt
005 20221005124332.0
006 a|||||r|||| 00| 0
007 ta
008 ORI
024 _a27517
037 _cTextual
040 _aCRL
_cCRL
_bORI
041 _2ORI
_aORI
082 _aO1591,3NMO,24, L4
100 _aDas Mohapatra Jadunath
_9635052
245 0 _aMora galpa
260 _c1974
942 _hO1591,3NMO,24, L4
_cTEXL
_2cc
999 _c1050162
_d1050162